000
00347nam a2200133Ia 4500
008
231129s9999||||xx |||||||||||||| ||spa||
020
_a
84-8280-774-9
040
_b
spa
082
_a
U813 C982K
100
_a
Curwood James Oliver
245
0
_a
Kazan perro lobo
264
_a
Oveja Negra
942
_2
ddc
_c
BKS
999
_c
16331
_d
16331